| 000 | 00530nam a2200229 a 4500 | ||
|---|---|---|---|
| 001 | nice12345678 | ||
| 003 | IN_TiNIC | ||
| 005 | 20260116013026.0 | ||
| 008 | 070618s2000 lona grp 000 0 eng | ||
| 020 |
_a _c100 |
||
| 082 | 0 | 0 |
_a709.55 _bBEL |
| 100 | _aBell, Gertrude | ||
| 245 | _aPersian Pictures | ||
| 260 |
_aLondon _bNo Publisher _c2000 |
||
| 300 | _a253p | ||
| 500 | _aincludes index and biblioraphy | ||
| 650 | _aArt-Iranian | ||
| 700 | 1 | _aBell, Gertrude | |
| 902 | _bSRS | ||
| 942 | _cBK | ||
| 999 |
_c9324 _d9324 |
||